000 01082nam a22003377a 4500
003 CHAP
005 20220329135641.0
008 971013s1973 r 00010 d
010 _a39941
011 _a40913
035 _a45039
040 _cCHAP
082 _a001.424
_bF5
100 0 0 _aFishman, George S.
_941121
245 _aConcepts and methods in discrete event digital simulation
260 _aNew York :
_bWiley,
_c1973
300 _a385 p.
490 _aWiley - Interscience publication
590 _aBATCH-UPD
_b10
_c20130110
_lUCH01
_h0134
590 _aBATCH-UPD
_b10
_c20130110
_lUCH01
_h1004
590 _aBATCH-UPD
_b10
_c20130410
_lUCH01
_h0614
590 _aBATCH-UPD
_b10
_c20130914
_lUCH01
_h0351
590 _aCONVERSION
_b10
_c20130109
_lUCH01
_h1322
650 1 4 _aAnálisis de sistemas.
_95976
650 1 4 _aCalculadoras electrónicas digitales.
_917346
650 1 4 _aSimulación.
_9106523
830 0 _aWiley - Interscience publication
_9121934
901 _aBK
942 _cLIBRO
949 _a001.424 F5
_bBC
_cLIBRO
_d33724000225595
_eLIBRO
_h1968
_i45039
_si
999 _c39941
_d39941